000 00730nam a22001817a 4500
003 OSt
005 20240620140614.0
008 240620b ||||| |||| 00| 0 eng d
040 _cAIMIT LIBRARY
100 _aShetty, Shravya Udaya.
_e2116167
_9171286
245 _aStudy on the impact of employee perception towards employee engagement on job satisfaction in construction industry with reference to surakshith shetty company Bejapur /
_cBy Shravya Udaya Shetty ; Guided by Harinakshi.
260 _aBijapur ;
_c2023.
650 _aResearch methodology
_9171287
650 _aData analysis and interpretation
_9171288
700 _aHarinakshi.
_eGuide
_9171289
856 _3Surakshith shetty P.W.D Contractor
942 _2ddc
_cPRO
999 _c231259
_d231259